| 000 | 00519nam a22000977a 4500 | ||
|---|---|---|---|
| 008 | 150914b xxu||||| |||| 00| 0 eng d | ||
| 100 | _aZinsmeister, Marian Carne | ||
| 245 |
_aSwitzerland 1850-1958 _bdetailed information concerning the stamps of Switzerland - when, why and how issued _dS.P.A. handbook ; no. 11 |
||
| 260 |
_aChicago _bSociety of Philatelic Americans _c1959 |
||
| 650 | _aSwitzerland | 1850-1958 | Definitive Issues | Commemorative Issues | Semi-postal Issues | Production | Designs | 19th Century | 20th Century | ||
| 999 |
_c1709 _d1709 |
||